Statistical methods for agricultural workers (Record no. 19621)

MARC details
000 -LEADER
fixed length control field 00445nam a2200169Ia 4500
082 ## - DEWEY DECIMAL CLASSIFICATION NUMBER
Classification number 31:631
Item number PAN
100 ## - MAIN ENTRY--AUTHOR NAME
Personal name PANSE, V G
245 #0 - TITLE STATEMENT
Title Statistical methods for agricultural workers
260 ## - PUBLICATION, DISTRIBUTION, ETC. (IMPRINT)
Place of publication Delhi
Name of publisher ICAR
Year of publication 1957
650 ## - SUBJECT ADDED ENTRY--TOPICAL TERM
Topical Term Experimental design
650 ## - SUBJECT ADDED ENTRY--TOPICAL TERM
Topical Term Plant breeding trials
650 ## - SUBJECT ADDED ENTRY--TOPICAL TERM
Topical Term Regression
650 ## - SUBJECT ADDED ENTRY--TOPICAL TERM
Topical Term Statistical methods
700 ## - ADDED ENTRY--PERSONAL NAME
Personal name SUKHATME, P V
942 ## - ADDED ENTRY ELEMENTS (KOHA)
Koha item type Books
Holdings
Withdrawn status Lost status Damaged status Not for loan Home library Current library Date acquired Full call number Accession Number Koha item type
        RRII Library RRII Library 16/12/2021 31:631 PAN 00354 Books